Andrea Pirlo's Juventus - Statistics

General Stats
  • This quiz has been taken 35 times
  • The average score is 22 of 33
Answer Stats
Rank Player Position Nationality Matches Goals Assists % Correct
6 Cristiano Ronaldo Centre-Forward 44 36 6
100%
2 Dejan Kulusevski Attacking Midfield 47 7 7
96%
18 Giorgio Chiellini Centre-Back 25 0 2
96%
13 Leonardo Bonucci Centre-Back 35 2 0
96%
12 Matthijs de Ligt Centre-Back 36 1 1
96%
17 Paulo Dybala Second Striker 26 5 3
96%
5 Rodrigo Bentancur Defensive Midfield 45 0 4
96%
11 Wojciech Szczesny Goalkeeper 38 0 1
96%
14 Alex Sandro Left-Back 34 2 2
93%
9 Juan Cuadrado Right Midfield 40 2 20
93%
7 Álvaro Morata Centre-Forward 44 20 12
89%
3 Danilo Centre-Back 46 1 4
89%
4 Weston McKennie Central Midfield 46 6 3
89%
1 Adrien Rabiot Central Midfield 47 5 3
85%
8 Federico Chiesa Right Winger 43 14 10
85%
21 Gianluigi Buffon Goalkeeper 14 0 0
85%
16 Aaron Ramsey Central Midfield 30 2 5
81%
10 Federico Bernardeschi Right Winger 39 0 3
78%
19 Merih Demiral Centre-Back 24 0 1
78%
31 Mattia De Sciglio Right-Back 1 0 0
74%
23 Radu Drăgușin Centre-Back 4 0 0
63%
15 Arthur Melo Defensive Midfield 32 1 0
48%
29 Carlo Pinsoglio Goalkeeper 1 0 0
48%
26 Douglas Costa Right Winger 2 0 0
44%
25 Nicolò Fagioli Central Midfield 2 0 0
41%
20 Gianluca Frabotta Left-Back 17 1 1
26%
28 Hamza Rafia Central Midfield 1 1 0
22%
33 Félix Correia Left Winger 1 0 0
19%
32 Giacomo Vrioni Centre-Forward 1 0 0
19%
24 Manolo Portanova Central Midfield 3 0 0
19%
22 Alessandro Di Pardo Right-Back 5 0 0
11%
30 Cosimo da Graça Centre-Forward 1 0 0
11%
27 Wesley Gasolina Right-Back 1 0 0
11%
No matching quizzes found
Score Distribution
Percent of People with Each Score
Percentile by Number Answered
Your Score History
You have not taken this quiz